<?xml version="1.0" encoding="UTF-8"?><?xml-stylesheet type="text/xsl" href="static/style.xsl"?><OAI-PMH xmlns="http://www.openarchives.org/OAI/2.0/" xmlns:xsi="http://www.w3.org/2001/XMLSchema-instance" xsi:schemaLocation="http://www.openarchives.org/OAI/2.0/ http://www.openarchives.org/OAI/2.0/OAI-PMH.xsd"><responseDate>2026-04-18T00:32:28Z</responseDate><request verb="GetRecord" identifier="oai:www.recercat.cat:20.500.12327/3040" metadataPrefix="marc">https://recercat.cat/oai/request</request><GetRecord><record><header><identifier>oai:recercat.cat:20.500.12327/3040</identifier><datestamp>2025-10-22T11:00:24Z</datestamp><setSpec>com_2072_4428</setSpec><setSpec>com_2072_4427</setSpec><setSpec>col_2072_487898</setSpec></header><metadata><record xmlns="http://www.loc.gov/MARC21/slim" xmlns:dcterms="http://purl.org/dc/terms/" xmlns:xsi="http://www.w3.org/2001/XMLSchema-instance" xmlns:doc="http://www.lyncode.com/xoai" xsi:schemaLocation="http://www.loc.gov/MARC21/slim http://www.loc.gov/standards/marcxml/schema/MARC21slim.xsd">
   <leader>00925njm 22002777a 4500</leader>
   <datafield ind2=" " ind1=" " tag="042">
      <subfield code="a">dc</subfield>
   </datafield>
   <datafield ind2=" " ind1=" " tag="720">
      <subfield code="a">Boudebouz, Abdelaziz</subfield>
      <subfield code="e">author</subfield>
   </datafield>
   <datafield ind2=" " ind1=" " tag="720">
      <subfield code="a">Hermoso, Juan-F</subfield>
      <subfield code="e">author</subfield>
   </datafield>
   <datafield ind2=" " ind1=" " tag="720">
      <subfield code="a">Martí, Esteve</subfield>
      <subfield code="e">author</subfield>
   </datafield>
   <datafield ind2=" " ind1=" " tag="720">
      <subfield code="a">Ninot, Antonia</subfield>
      <subfield code="e">author</subfield>
   </datafield>
   <datafield ind2=" " ind1=" " tag="720">
      <subfield code="a">Boqué, Ricard</subfield>
      <subfield code="e">author</subfield>
   </datafield>
   <datafield ind2=" " ind1=" " tag="720">
      <subfield code="a">Mestres, Montserrat</subfield>
      <subfield code="e">author</subfield>
   </datafield>
   <datafield ind2=" " ind1=" " tag="720">
      <subfield code="a">Aceña, Laura</subfield>
      <subfield code="e">author</subfield>
   </datafield>
   <datafield ind2=" " ind1=" " tag="720">
      <subfield code="a">Veneziani, Gianluca</subfield>
      <subfield code="e">author</subfield>
   </datafield>
   <datafield ind2=" " ind1=" " tag="720">
      <subfield code="a">Selvaggini, Roberto</subfield>
      <subfield code="e">author</subfield>
   </datafield>
   <datafield ind2=" " ind1=" " tag="720">
      <subfield code="a">Servili, Maurizio</subfield>
      <subfield code="e">author</subfield>
   </datafield>
   <datafield ind2=" " ind1=" " tag="720">
      <subfield code="a">Romero, Agustí</subfield>
      <subfield code="e">author</subfield>
   </datafield>
   <datafield ind2=" " ind1=" " tag="260">
      <subfield code="c">2024-06-07</subfield>
   </datafield>
   <datafield ind2=" " ind1=" " tag="520">
      <subfield code="a">The productivity of virgin olive oil depends not only on agronomic factors but&#xd;
also on the technological factors of the extraction process. The ‘Arbequina’&#xd;
variety has extractability problems, which is a challenge for master millers&#xd;
anywhere. This work aims to evaluate the behavior of different decanters and&#xd;
seeks to modulate the effect of some processing parameters and their&#xd;
interactions with oil extraction efficiency in the case of ‘Arbequina.’ Fruit&#xd;
characteristics, processing parameters, and extractability were collected over&#xd;
10 years from 38 decanters that belong to five different brands. The results have&#xd;
shown that fruit moisture is the most relevant factor for oil extractability,&#xd;
especially over 52%. Furthermore, extractability is positively correlated with&#xd;
malaxing temperature, addition of water, and total fat content in the fruit.&#xd;
However, the results show that before applying a regulation, the type of&#xd;
decanter must be considered. The model used in this study has allowed us to&#xd;
optimize the regulations for each type of decanter to reduce oil losses within the&#xd;
pomace, achieving an extraction efficiency within the range of 78%–91.5%. In&#xd;
fact, the best extraction efficiency results (91.5%) were obtained by processing at&#xd;
temperatures >26°C and water injection of 5%.</subfield>
   </datafield>
   <datafield ind1="8" ind2=" " tag="024">
      <subfield code="a">Boudebouz, Abdelaziz, Juan-F Hermoso, Esteve Martí, Antonia Ninot, Ricard Boqué, Montserrat Mestres, Laura Aceña, Gianluca Veneziani, Roberto Selvaggini, Maurizio Servili and Agustí Romero. 2024. “Exploring the relevance of the type of horizontal separator to optimize the extraction efficacy for the Arbequina variety”.  Frontiers in Plant Science 15: 1395701. doi: 10.3389/fpls.2024.1395701</subfield>
   </datafield>
   <datafield ind1="8" ind2=" " tag="024">
      <subfield code="a">1664-462X</subfield>
   </datafield>
   <datafield ind1="8" ind2=" " tag="024">
      <subfield code="a">http://hdl.handle.net/20.500.12327/3040</subfield>
   </datafield>
   <datafield ind1="8" ind2=" " tag="024">
      <subfield code="a">https://doi.org/10.3389/fpls.2024.1395701</subfield>
   </datafield>
   <datafield ind2="0" ind1="0" tag="245">
      <subfield code="a">Exploring the relevance of the type of horizontal separator to optimize the extraction efficacy for the Arbequina variety</subfield>
   </datafield>
</record></metadata></record></GetRecord></OAI-PMH>